| 000 | 01461cam a2200397 i 4500 | ||
|---|---|---|---|
| 999 |
_c3961 _d3961 |
||
| 001 | 387862 | ||
| 003 | OSt | ||
| 005 | 20241128092513.0 | ||
| 008 | 210712s2021 nyua j 6 000 1 eng | ||
| 010 | _a2020949707 | ||
| 020 |
_a9781338680454 _q(hbk.) : |
||
| 040 | _cKH8 | ||
| 042 | _anbic | ||
| 082 | 0 | _a741.5973 PIL | |
| 100 | 1 |
_aPilkey, Dav, _d1966- _eaut, _eart. |
|
| 245 | 1 | 0 |
_aDog man : Mothering heights / _cwritten and illustrated by Dav Pilkey as George Beard and Harold Hutchins ; with color by Jose Garibaldi. |
| 260 |
_aNew York : _bGraphix, an imprint of Scholastic, _c2021. |
||
| 300 |
_a221 p. : _bchiefly col. ill. ; _c22 cm. |
||
| 490 | 1 |
_aDog man ; _v10. |
|
| 500 | _aAt head of title: "Tree-House Comix proudly presents." | ||
| 520 |
_a"In the 10th graphic novel in Dav Pilkey's Dog Man series, Petey confronts his past and memories of his mother"-- _cProvided by publisher. |
||
| 521 | 1 | _aAges 7 and Up. | |
| 521 | 2 | _aGrades 2-3. | |
| 650 | 0 |
_aDog Man (Fictitious character) _vJuvenile fiction. |
|
| 650 | 0 |
_aDog Man (Fictitious character) _vComic books, strips, etc. |
|
| 650 | 0 |
_aDogs _vComic books, strips, etc. |
|
| 650 | 0 |
_aDogs _vJuvenile fiction. |
|
| 650 | 0 |
_aPolice _vComic books, strips, etc. |
|
| 650 | 0 |
_aPolice _vJuvenile fiction. |
|
| 650 | 0 | _aGraphic novels. | |
| 650 | 0 | _aHumorous stories. | |
| 655 | 0 | _aGraphic novels. | |
| 700 | 1 |
_aGaribaldi, Jose, _eclr. |
|
| 830 | 0 |
_aDog man ; _v10. |
|
| 942 |
_2ddc _cNFIC |
||